[Event "LSS BI-2007-F-00002"]
[Site "LSS email"]
[Date "2008.02.15"]
[Round "?"]
[White "Dyakov, Aleksandr"]
[Black "Hnatovsky, Nicholas"]
[Result "1/2-1/2"]
[WhiteElo "2157"]
[BlackElo "2334"]
[PlyCount "50"]
[EventDate "2008.02.15"]
[EventType "tourn (corr)"]
[EventRounds "10"]
[EventCountry "GER"]
[SourceTitle "Corr 2022"]
[Source "ChessBase"]
[SourceDate "2021.10.24"]
[SourceVersion "1"]
[SourceVersionDate "2021.10.24"]
[SourceQuality "1"]

1. e4 c5 2. Nf3 d6 3. d4 cxd4 4. Nxd4 Nf6 5. Nc3 a6 6. Bg5 e6 7. f4 Qc7 8. Bxf6 gxf6 9. Be2 Nc6 10. Qd2 Bd7 11. 0-0-0 h5 12. Kb1 Be7 13. Bf3 Nxd4 14. Qxd4 0-0-0 15. Rd3 Kb8 16. Rhd1 h4 17. Ne2 Rc8 18. Rc3 Qa5 19. Qe3 Rxc3 20. Nxc3 Rc8 21. f5 Qc5 22. Qh6 Qf2 23. fxe6 fxe6 24. Qg7 Ba4 25. Rc1 Rxc3 1/2-1/2

[Event "FICGS class A 000027 email"]
[Site "FICGS email"]
[Date "2007.08.29"]
[Round "1"]
[White "Czekaj, Christophe"]
[Black "Dyakov, Aleksandr"]
[Result "0-1"]
[WhiteElo "2043"]
[BlackElo "2181"]
[PlyCount "42"]
[EventDate "2007.??.??"]
[EventType "tourn (corr)"]
[EventRounds "6"]
[SourceTitle "Corr 2022"]
[Source "ChessBase"]
[SourceDate "2021.10.24"]
[SourceVersion "1"]
[SourceVersionDate "2021.10.24"]
[SourceQuality "1"]

1. Nc3 d5 2. e4 Nf6 3. e5 Nfd7 4. Nxd5 Nxe5 5. Ne3 c5 6. Nf3 Nxf3+ 7. Qxf3 Nc6 8. Bb5 Bd7 9. c3 a6 10. Bxc6 Bxc6 11. Qg3 Qd3 12. Qg4 Rd8 13. Qe2 e5 14. Qxd3 Rxd3 15. Ke2 e4 16. f3 f6 17. b3 Kf7 18. Rf1 Bd6 19. g3 Bc7 20. Bb2 Rhd8 21. Rad1 exf3+ 0-1

[Event "FICGS W-ch st2 g04 email"]
[Site "FICGS email"]
[Date "2007.02.15"]
[Round "1"]
[White "Dyakov, Aleksandr"]
[Black "Laghetti, Gaetano"]
[Result "1/2-1/2"]
[WhiteElo "2153"]
[BlackElo "2206"]
[PlyCount "65"]
[EventDate "2007.??.??"]
[EventType "tourn (corr)"]
[EventRounds "8"]
[SourceTitle "Corr 2022"]
[Source "ChessBase"]
[SourceDate "2021.10.24"]
[SourceVersion "1"]
[SourceVersionDate "2021.10.24"]
[SourceQuality "1"]

1. e4 c5 2. Nf3 d6 3. d4 cxd4 4. Nxd4 Nf6 5. Nc3 a6 6. Bg5 e6 7. f4 Qb6 8. Nb3 Be7 9. Be2 h6 10. Bxf6 Bxf6 11. Qd3 0-0 12. 0-0-0 Rd8 13. g4 a5 14. Nd4 Bd7 15. a3 Nc6 16. Ndb5 Ne7 17. Qf3 Bxc3 18. Nxc3 Qc5 19. Qd3 Bc6 20. Rhf1 d5 21. e5 Rac8 22. h3 b5 23. Qd4 Bd7 24. Qxc5 Rxc5 25. Bd3 b4 26. axb4 axb4 27. Ne2 Nc6 28. Kd2 g5 29. Nc1 Na5 30. Nb3 Nc4+ 31. Bxc4 Rxc4 32. Na5 Rd4+ 33. Kc1 1/2-1/2

[Event "FICGS W-ch st2 g04 email"]
[Site "FICGS email"]
[Date "2007.02.15"]
[Round "1"]
[White "Lal, Shijith"]
[Black "Dyakov, Aleksandr"]
[Result "0-1"]
[WhiteElo "1656"]
[BlackElo "2153"]
[PlyCount "40"]
[EventDate "2007.??.??"]
[EventType "tourn (corr)"]
[EventRounds "8"]
[SourceTitle "Corr 2022"]
[Source "ChessBase"]
[SourceDate "2021.10.24"]
[SourceVersion "1"]
[SourceVersionDate "2021.10.24"]
[SourceQuality "1"]

1. d4 d5 2. Nf3 Nf6 3. c4 c6 4. Nc3 a6 5. e3 b5 6. cxd5 cxd5 7. a3 Bg4 8. Be2 e6 9. 0-0 Bd6 10. Bd2 Nbd7 11. h3 Bh5 12. Rc1 0-0 13. Qb3 Nb6 14. Ne5 Nc4 15. Rc2 Bxe2 16. Nxe2 Nxe5 17. dxe5 Bxe5 18. Rfc1 Ne4 19. Be1 Re8 20. Nc3 Nc5 0-1

[Event "FICGS W-ch st1 g26 email"]
[Site "FICGS email"]
[Date "2007.01.30"]
[Round "1"]
[White "Mackoy, Travis"]
[Black "Dyakov, Aleksandr"]
[Result "0-1"]
[WhiteElo "1400"]
[BlackElo "2153"]
[PlyCount "54"]
[EventDate "2007.??.??"]
[EventType "tourn (corr)"]
[EventRounds "8"]
[SourceTitle "Corr 2022"]
[Source "ChessBase"]
[SourceDate "2021.10.24"]
[SourceVersion "1"]
[SourceVersionDate "2021.10.24"]
[SourceQuality "1"]

1. e4 c6 2. d4 d5 3. e5 Bf5 4. Nf3 e6 5. Be2 c5 6. Be3 cxd4 7. Nxd4 Ne7 8. 0-0 Nbc6 9. f4 Nxd4 10. Qxd4 Nc6 11. Qa4 a6 12. c4 d4 13. Rd1 Bc5 14. Bf2 0-0 15. Bf3 Nb4 16. Na3 f6 17. Qb3 fxe5 18. fxe5 Nc6 19. Qxb7 Nxe5 20. Qxa8 Qd6 21. Nb5 axb5 22. Qa5 Nxf3+ 23. gxf3 Qf4 24. Qxb5 Qxf3 25. Qxc5 Be4 26. Qxf8+ Kxf8 27. Kf1 d3 0-1

[Event "FICGS class C 000012 email"]
[Site "FICGS email"]
[Date "2007.01.04"]
[Round "1"]
[White "Dyakov, Aleksandr"]
[Black "Repa, Jason"]
[Result "0-1"]
[WhiteElo "2153"]
[BlackElo "1862"]
[PlyCount "108"]
[EventDate "2007.??.??"]
[EventType "tourn (corr)"]
[EventRounds "1"]
[SourceTitle "Corr 2022"]
[Source "ChessBase"]
[SourceDate "2021.10.24"]
[SourceVersion "1"]
[SourceVersionDate "2021.10.24"]
[SourceQuality "1"]

1. e4 e6 2. d4 d5 3. Nc3 Nf6 4. Bg5 Bb4 5. e5 h6 6. Bd2 Bxc3 7. bxc3 Ne4 8. Qg4 g6 9. Bd3 Nxd2 10. Kxd2 c5 11. Nf3 Bd7 12. h4 Nc6 13. Rab1 c4 14. Be2 Qc7 15. Qf4 f5 16. g4 0-0-0 17. gxf5 gxf5 18. Rhg1 Qa5 19. a4 Rh7 20. h5 Rdh8 21. Nh4 Nd8 22. Qe3 Kb8 23. Ng6 Re8 24. Nf4 Nf7 25. Nh3 Qxa4 26. Ra1 Qc6 27. Rg6 Qc7 28. Qg3 Qd8 29. f4 Qe7 30. Bf3 Nd8 31. Nf2 Reh8 32. Nd1 Be8 33. Rf6 Rf8 34. Rxf8 Qxf8 35. Ne3 Rg7 36. Qh4 Nc6 37. Rb1 Kc7 38. Qh1 Bf7 39. Rb2 Rg8 40. Qb1 Qa8 41. Qh1 a6 42. Ra2 Rg3 43. Ra1 Qg8 44. Nf1 Rg1 45. Qh3 Na7 46. Qh4 Nb5 47. Qh2 Be8 48. Qh4 Bd7 49. Qf2 Kb6 50. Re1 a5 51. Ra1 Bc6 52. Ra2 Be8 53. Qe1 Ka6 54. Qf2 Bxh5 0-1

[Event "FICGS class C 000012 email"]
[Site "FICGS email"]
[Date "2007.01.04"]
[Round "1"]
[White "Oliveira, Carlos"]
[Black "Dyakov, Aleksandr"]
[Result "0-1"]
[WhiteElo "1981"]
[BlackElo "2153"]
[PlyCount "50"]
[EventDate "2007.??.??"]
[EventType "tourn (corr)"]
[EventRounds "1"]
[SourceTitle "Corr 2022"]
[Source "ChessBase"]
[SourceDate "2021.10.24"]
[SourceVersion "1"]
[SourceVersionDate "2021.10.24"]
[SourceQuality "1"]

1. b3 e5 2. Bb2 Nc6 3. e3 Nf6 4. Bb5 d6 5. Bxc6+ bxc6 6. d4 e4 7. Ne2 g6 8. 0-0 d5 9. c4 Bd6 10. Ng3 h5 11. Re1 h4 12. Nf1 h3 13. g3 Bg4 14. Qc2 0-0 15. Nbd2 Qd7 16. c5 Be7 17. b4 Rfe8 18. a3 Bf8 19. Bc3 Nh7 20. Reb1 Ng5 21. a4 Qe6 22. b5 Qf6 23. Rb2 Nf3+ 24. Kh1 Ne1 25. Rxe1 Qxf2 0-1

[Event "FICGS class A 000012 email"]
[Site "FICGS email"]
[Date "2007.01.02"]
[Round "1"]
[White "Dyakov, Aleksandr"]
[Black "Uzunoglu, Efe Kerem"]
[Result "1-0"]
[WhiteElo "2153"]
[BlackElo "2079"]
[PlyCount "35"]
[EventDate "2007.??.??"]
[EventType "tourn (corr)"]
[EventRounds "6"]
[SourceTitle "Corr 2022"]
[Source "ChessBase"]
[SourceDate "2021.10.24"]
[SourceVersion "1"]
[SourceVersionDate "2021.10.24"]
[SourceQuality "1"]

1. e4 c5 2. Nf3 Nc6 3. d4 cxd4 4. Nxd4 Nf6 5. Nc3 e5 6. Ndb5 d6 7. Bg5 a6 8. Na3 b5 9. Bxf6 gxf6 10. Nd5 f5 11. Bd3 Be6 12. 0-0 Bg7 13. Qh5 f4 14. c4 b4 15. Nc2 Rb8 16. b3 h6 17. a3 bxa3 18. Rxa3 1-0

[Event "FICGS W-ch st1 gN 02 email"]
[Site "FICGS email"]
[Date "2006.07.01"]
[Round "1"]
[White "Dyakov, Aleksandr"]
[Black "Khokhlov, Igor"]
[Result "0-1"]
[WhiteElo "2371"]
[BlackElo "2410"]
[PlyCount "70"]
[EventDate "2006.??.??"]
[EventType "tourn (corr)"]
[EventRounds "6"]
[SourceTitle "Corr 2022"]
[Source "ChessBase"]
[SourceDate "2021.10.24"]
[SourceVersion "1"]
[SourceVersionDate "2021.10.24"]
[SourceQuality "1"]

1. e4 e6 2. d3 c5 3. g3 Nc6 4. Bg2 d5 5. Nd2 Nf6 6. Ngf3 Be7 7. 0-0 0-0 8. Re1 b5 9. e5 Nd7 10. Nf1 a5 11. h4 b4 12. N1h2 f5 13. exf6 Nxf6 14. Bh3 e5 15. Bxc8 Qxc8 16. Nxe5 Nxe5 17. Rxe5 Bd6 18. Re1 c4 19. Be3 c3 20. b3 a4 21. Bd4 Qd7 22. Qf3 Kh8 23. Bxf6 Rxf6 24. Qxd5 Raf8 25. Re2 Rf5 26. Qe6 Qxe6 27. Rxe6 Bc5 28. Ng4 h5 29. Ne5 Ra8 30. Ng6+ Kh7 31. Nf4 axb3 32. cxb3 Kg8 33. Kg2 Kf7 34. Rc6 Ra5 35. Rc7+ Kg8 0-1

[Event "FICGS class M 000004 email"]
[Site "FICGS email"]
[Date "2006.04.23"]
[Round "1"]
[White "Dyakov, Aleksandr"]
[Black "Koch, Christian"]
[Result "0-1"]
[WhiteElo "2281"]
[BlackElo "2238"]
[PlyCount "40"]
[EventDate "2006.??.??"]
[EventType "tourn (corr)"]
[EventRounds "6"]
[SourceTitle "Corr 2022"]
[Source "ChessBase"]
[SourceDate "2021.10.24"]
[SourceVersion "1"]
[SourceVersionDate "2021.10.24"]
[SourceQuality "1"]

1. e4 c5 2. Nc3 d6 3. g3 Nf6 4. Bg2 e5 5. d3 Be7 6. f4 Nc6 7. Nf3 0-0 8. 0-0 exf4 9. gxf4 Re8 10. Kh1 g6 11. Be3 Bf8 12. Bf2 Bg7 13. Bh4 Qb6 14. Rb1 Bg4 15. Qd2 Qa5 16. h3 Bxf3 17. Bxf3 Nd4 18. Bg2 Rab8 19. Qf2 Kh8 20. a3 Rf8 0-1

[Event "FICGS class A 000003 email"]
[Site "FICGS email"]
[Date "2006.04.22"]
[Round "1"]
[White "Aigner, Michael"]
[Black "Dyakov, Aleksandr"]
[Result "1-0"]
[WhiteElo "2070"]
[BlackElo "2281"]
[PlyCount "53"]
[EventDate "2006.??.??"]
[EventType "tourn (corr)"]
[EventRounds "6"]
[SourceTitle "Corr 2022"]
[Source "ChessBase"]
[SourceDate "2021.10.24"]
[SourceVersion "1"]
[SourceVersionDate "2021.10.24"]
[SourceQuality "1"]

1. d4 d5 2. g3 Nf6 3. Nf3 c6 4. Bg2 Bf5 5. 0-0 e6 6. Nh4 Bg6 7. Nxg6 hxg6 8. a4 Bd6 9. c4 Nbd7 10. a5 b5 11. cxb5 cxb5 12. Nc3 Rb8 13. Qd3 a6 14. e4 dxe4 15. Nxe4 Nxe4 16. Qxe4 Qc7 17. Bg5 Nf6 18. Bxf6 gxf6 19. Rfc1 Qa7 20. Rc6 Be7 21. Rac1 Rd8 22. Rc7 Qxd4 23. Qb7 0-0 24. Rxe7 Qxb2 25. Rec7 Rd2 26. Rf1 Qe5 27. Rc6 1-0

[Event "FICGS rapid M 000002 email"]
[Site "FICGS email"]
[Date "2006.04.18"]
[Round "1"]
[White "Dyakov, Aleksandr"]
[Black "Guzman, Carlos"]
[Result "1/2-1/2"]
[WhiteElo "2281"]
[BlackElo "2355"]
[PlyCount "50"]
[EventDate "2006.??.??"]
[EventType "tourn (rapid)"]
[EventRounds "6"]
[SourceTitle "Corr 2022"]
[Source "ChessBase"]
[SourceDate "2021.10.24"]
[SourceVersion "1"]
[SourceVersionDate "2021.10.24"]
[SourceQuality "1"]

1. e4 c5 2. Nf3 d6 3. d4 cxd4 4. Nxd4 Nf6 5. Nc3 g6 6. Be3 Bg7 7. f3 0-0 8. Qd2 Nc6 9. Bc4 Bd7 10. h4 Rc8 11. Bb3 h5 12. 0-0-0 Ne5 13. Bh6 Bxh6 14. Qxh6 Rxc3 15. bxc3 Qa5 16. Kb1 b5 17. g4 Qxc3 18. gxh5 Nxh5 19. Qd2 Qxd2 20. Rxd2 Nf4 21. Rdh2 Rc8 22. Rg1 Kf8 23. a3 Rc3 24. Rf1 a5 25. Kb2 Re3 1/2-1/2

[Event "FICGS rapid M 000002 email"]
[Site "FICGS email"]
[Date "2006.04.18"]
[Round "1"]
[White "Helmer, Janos"]
[Black "Dyakov, Aleksandr"]
[Result "1-0"]
[WhiteElo "2250"]
[BlackElo "2281"]
[PlyCount "75"]
[EventDate "2006.??.??"]
[EventType "tourn (rapid)"]
[EventRounds "6"]
[SourceTitle "Corr 2022"]
[Source "ChessBase"]
[SourceDate "2021.10.24"]
[SourceVersion "1"]
[SourceVersionDate "2021.10.24"]
[SourceQuality "1"]

1. Nf3 c5 2. c4 Nf6 3. g3 b6 4. Bg2 Bb7 5. 0-0 g6 6. b3 Bg7 7. Bb2 0-0 8. d4 cxd4 9. Qxd4 d6 10. Rd1 Nbd7 11. Nc3 a6 12. Nd5 Rc8 13. Ne1 Ba8 14. e4 Ne8 15. Qd2 Bxb2 16. Qxb2 e6 17. Ne3 Qc7 18. Rd2 f5 19. exf5 gxf5 20. Rad1 Ndf6 21. f3 b5 22. Qd4 Qg7 23. Rc2 bxc4 24. Rxc4 Rxc4 25. Qxc4 Nd5 26. f4 Nef6 27. Qd4 Nxe3 28. Qxe3 Qe7 29. Qb6 Bxg2 30. Nxg2 Ne4 31. Qxa6 Qf6 32. Re1 Qd4+ 33. Ne3 Qc3 34. Re2 Qc1+ 35. Nf1 Qc5+ 36. Kg2 Nc3 37. Rd2 Ne4 38. Rb2 1-0

[Event "FICGS rapid M 000002 email"]
[Site "FICGS email"]
[Date "2006.04.18"]
[Round "1"]
[White "Koch, Christian"]
[Black "Dyakov, Aleksandr"]
[Result "1-0"]
[WhiteElo "2238"]
[BlackElo "2281"]
[PlyCount "89"]
[EventDate "2006.??.??"]
[EventType "tourn (rapid)"]
[EventRounds "6"]
[SourceTitle "Corr 2022"]
[Source "ChessBase"]
[SourceDate "2021.10.24"]
[SourceVersion "1"]
[SourceVersionDate "2021.10.24"]
[SourceQuality "1"]

1. e4 c5 2. Nf3 Nc6 3. d4 cxd4 4. Nxd4 Nf6 5. Nc3 e5 6. Ndb5 d6 7. Bg5 a6 8. Na3 b5 9. Nd5 Be7 10. Bxf6 Bxf6 11. c4 b4 12. Nc2 a5 13. Qf3 Bg5 14. h4 Be7 15. g3 0-0 16. Bg2 Be6 17. Qd3 Rc8 18. 0-0 f5 19. Bh3 g6 20. Nce3 Nd4 21. f4 fxe4 22. Bxe6+ Nxe6 23. Qxe4 Nc5 24. Qf3 exf4 25. Qg4 Kh8 26. Rxf4 Rxf4 27. Qxf4 Bf8 28. Rf1 Bg7 29. b3 Rb8 30. Ng4 Qd7 31. Ngf6 Qe6 32. h5 gxh5 33. Nxh5 Be5 34. Qf3 a4 35. bxa4 Nxa4 36. Nxb4 Rg8 37. Nc6 Nb6 38. Nxe5 Qxe5 39. Rb1 Nxc4 40. Rb7 Nd2 41. Qf6+ Qxf6 42. Nxf6 Rxg3+ 43. Kh2 Nf1+ 44. Kh1 Rh3+ 45. Kg2 1-0

[Event "FICGS class M 000001 email"]
[Site "FICGS email"]
[Date "2006.04.08"]
[Round "1"]
[White "De Silva, Dinesh"]
[Black "Dyakov, Aleksandr"]
[Result "0-1"]
[WhiteElo "2392"]
[BlackElo "2281"]
[PlyCount "36"]
[EventDate "2006.??.??"]
[EventType "tourn (corr)"]
[EventRounds "6"]
[SourceTitle "Corr 2022"]
[Source "ChessBase"]
[SourceDate "2021.10.24"]
[SourceVersion "1"]
[SourceVersionDate "2021.10.24"]
[SourceQuality "1"]

1. e4 c6 2. d4 d5 3. Nc3 dxe4 4. Nxe4 Nd7 5. Ng5 Ngf6 6. Bd3 e6 7. N1f3 Bd6 8. Qe2 h6 9. Ne4 Nxe4 10. Qxe4 Nf6 11. Qe2 c5 12. dxc5 Bxc5 13. Ne5 0-0 14. Bd2 Qd5 15. 0-0-0 Bd4 16. Nf3 Qxa2 17. c3 Bb6 18. Bb1 Qa4 0-1